000 00608nam a2200217Ia 4500
005 20241129120121.0
008 241129s9999||||xx |||||||||||||| ||und||
020 _a9780000989208
037 _aTB
040 _aSDCL
_beng
_cSDCL
041 _aeng
_2eng
084 _aD65,44, R0
_qSDCL
100 _aGyasi-Agyei Amoakoh
_9729183
245 0 _aWireless internet of things: Principles and practice
260 _aSingapore
_bWorld scientific
_c2020
300 _axxiii,692p.
365 _aINR
_b2495
650 _aElectronic Science
942 _cTB
_hD65,44, R0
999 _c1233415
_d1233415